000 00468nam a2200157Ia 4500
999 _c20170
_d20170
003 OSt
005 20200624132124.0
008 190216s9999||||xx |||||||||||||| ||und||
040 _coclc
082 _a954.03
_bTAY/P
100 _aTaylor, W Cooke
_93191
245 0 _aA Popular History Of British India /
_c W Cooke Taylor
260 _bMittal Publications,
_c1985.
_aDelhi:
300 _a612p
942 _cBK
_2ddc
_h954.03
_iTAY/P
_k954.03
_mTAY/P